Normal view MARC view

Entry Topical Term

Number of records used in: 4

001 - CONTROL NUMBER

  • control field: 15644

003 - CONTROL NUMBER IDENTIFIER

  • control field: OSt

005 - DATE AND TIME OF LATEST TRANSACTION

  • control field: 20260422103522.0

008 - FIXED-LENGTH DATA ELEMENTS

  • fixed length control field: 260422|| aca||aabn | a|a d

040 ## - CATALOGING SOURCE

  • Original cataloging agency: OSt
  • Transcribing agency: OSt

150 ## - HEADING--TOPICAL TERM

  • Topical term or geographic name entry element: Small business enterprises
  • Geographic subdivision: Philippines
  • General subdivision: Planning

670 ## - SOURCE DATA FOUND

  • Source citation: Work cat.: (OSt)2460: Albon, Roland Y. 5261 author., A feasibility on the establishment of organic poultry business in Apolong, Valencia, Negros Oriental /, 2020.